Avez-vous vu le film The Marvels ? - Statistiques

Statistiques générales
  • Ce quiz a été pris 119 fois
  • Le résultat moyen est 8 sur 10
Statistiques - réponses
Question Réponse % Correct
Quel paire d'objets quantiques Dar-Benn recherche-t-elle ? Des bracelets
100%
Comment les membres de la station spatiale S.A.B.E.R ont pu être évacués ? En se faisant avaler par des chats
100%
Pourquoi Monica avait un ressentiment envers Carol ? Elle n'est jamais revenue la voir
96%
Quelle actrice interprète Captain Marvel ? Brie Larson
92%
Quelle est la particularités des habitants d’Aladna ? Ils ne communiquent qu'en chantant
92%
Où se trouve Monica à la fin du film ? Dans la chambre d'hopital d'une autre dimension
88%
Comment Dar-Benn surnomme-t-elle Captain Marvel après qu'elle ait détruit "l’Intelligence Suprême" ? L'annihilatrice
81%
Quelle promesse a fait Captain Marvel à Dar-Benn ? De redémarrer le soleil de Hala
65%
Quel est le pouvoir de Kamala Khan ? Modifier sa forme et sa taille
46%
Qui a réalisé ce film ? Nia DaCosta
27%
Aucun quiz correspondant
Distribution des résultats
% des personnes avec chaque résultat
Percentile par nombre de réponses
Votre historique - résultats
Vous n’avez pas pris ce quiz